00398nam a22001457a 450000500170000001000130001702000260003003500130005603700270006908200100009610000180010624500440012426000440016830000400021220190507172518.0 aB-593934 a9789380674261c310.00 aB-593934 bSun India Publications a658.8 aChhabra, T.N. aPrinciples of marketing /cT.N. Chhabra aNew DelhibSun India Publicationsc2014 aA-26 (it include index)c24cm (hbk)